书目信息 |
| 题名: |
检验检测行业高质量发展研究
|
|
| 作者: | 张豪 , 曾照洋 著 | |
| 分册: | ||
| 出版信息: | 北京 北京大学出版社 2024.09 |
|
| 页数: | 12,203页 | |
| 开本: | 24cm | |
| 丛书名: | ||
| 单 册: | ||
| 中图分类: | F279.2 | |
| 科图分类: | ||
| 主题词: | 产品质量--质量检验--研究--中国 | |
| 电子资源: | ||
| ISBN: | 978-7-301-35261-8 | |
| 000 | 01484nam0 2200277 450 | |
| 001 | 01020808 | |
| 005 | 20251022175131.34 | |
| 010 | @a978-7-301-35261-8@dCNY88.00 | |
| 100 | @a20250109d2024 em y0chiy0120 ea | |
| 101 | 0 | @achi |
| 102 | @aCN@b110000 | |
| 105 | @aak az 000yy | |
| 106 | @ar | |
| 200 | 1 | @a检验检测行业高质量发展研究@9jian yan jian ce hang ye gao zhi liang fa zhan yan jiu@f张豪,曾照洋著 |
| 210 | @a北京@c北京大学出版社@d2024.09 | |
| 215 | @a12,203页@c图@d24cm | |
| 314 | @a张豪,经济学博士,现为中国航空综合技术研究所技术发展部副部长,国家产业基础起居室委员会委员,停放免疫力质量经济、质量基础设施与宏观质量评价。出版《中国经济转型发展与动能转换》《国家质量基础设施:理论与实证》等。 | |
| 314 | @a曾照洋,现任中国航空综合技术研究所总工程师,国家市场监管总局质量基础设施交通重点实验室主任,航空综合环境航空科技重点实验室主任,长期从事装备通用质量特性与标准化技术创新研究。 | |
| 320 | @a有书目(第200-203页) | |
| 330 | @a本书立足于中国经济迈向高质量发展的大背景,分析了检验检测行业的起源与发展,总结了现有研究的进展与不足,深入探讨了检验检测管理模式的国际差异,分析了我国检验检测行业发展现状与存在的问题,评估了检验检测行业发展水平并预测了检验检测行业未来的发展规模,同时梳理分析了国内典型检验检测机构促进产业优化升级的经验做法,并提出了政策建议。 | |
| 606 | 0 | @a产品质量@x质量检验@x研究@y中国 |
| 690 | @aF279.2@v5 | |
| 701 | 0 | @a张豪@9zhang hao@4著 |
| 701 | 0 | @a曾照洋@9zeng zhao yang@4著 |
| 801 | 0 | @aCN@c20250910 |
| 905 | @a河南城建学院图书馆@dF279.2@eZ116@ZZ116@f1 | |
| 检验检测行业高质量发展研究/张豪,曾照洋著.-北京:北京大学出版社,2024.09 |
| 12,203页:图;24cm |
| ISBN 978-7-301-35261-8:CNY88.00 |
| 本书立足于中国经济迈向高质量发展的大背景,分析了检验检测行业的起源与发展,总结了现有研究的进展与不足,深入探讨了检验检测管理模式的国际差异,分析了我国检验检测行业发展现状与存在的问题,评估了检验检测行业发展水平并预测了检验检测行业未来的发展规模,同时梳理分析了国内典型检验检测机构促进产业优化升级的经验做法,并提出了政策建议。 |
| ● |
| 相关链接 |
|
|
|
正题名:检验检测行业高质量发展研究
索取号:F279.2/Z116
 
预约/预借
| 序号 | 登录号 | 条形码 | 馆藏地/架位号 | 状态 | 备注 |
| 1 | 1635231 | 216352319 | 社科库409/409社科库 97排4列1层/ [索取号:F279.2/Z116] | 在馆 |